KOHA-Header-6

Business Accounting 1 (Record no. 936)

000 -LEADER
fixed length control field 00392nam a2200133Ia 4500
008 - FIXED-LENGTH DATA ELEMENTS--GENERAL INFORMATION
fixed length control field 190722s9999 xx 000 0 und d
020 ## - INTERNATIONAL STANDARD BOOK NUMBER
International Standard Book Number 978-81-317-9539-2
100 ## - MAIN ENTRY--PERSONAL NAME
Personal name Frank Wood's , Alan Sangster
245 #0 - TITLE STATEMENT
Title Business Accounting 1
260 ## - PUBLICATION, DISTRIBUTION, ETC. (IMPRINT)
Place of publication, distribution, etc New Delhi (India)
Name of publisher, distributor, etc Pearson Education, Inc. /Dorling Kindersley (India) Pvt. Ltd.
Date of publication, distribution, etc 2015
300 ## - PHYSICAL DESCRIPTION
Extent 782p.:
942 ## - ADDED ENTRY ELEMENTS (KOHA)
Koha item type Books
942 ## - ADDED ENTRY ELEMENTS (KOHA)
Edition
Holdings
Withdrawn status Lost status Source of classification or shelving scheme Damaged status Not for loan Collection code Permanent Location Current Location Shelving location Date acquired Full call number Barcode Date last seen Price effective from Koha item type
        Not For Loan   MAJU MAJU Shelf No.A39 REF 2019-07-22 5.133 7562 2019-07-22 2019-07-22 Accounting

Powered by Koha